00000000cas 2200000zi 4500
0019.843073
003CaOODSP
00520251117180204
006m     o  d f      
007cr cn ||||||||
008170906c20179999qucar p o    f0   a0eng|d
022 |a2561-2069
040 |aCaOODSP|beng|erda|cCaOODSP
043 |an-cn---
0861 |aP1-34E-PDF
1101 |aCanada. |bPublic Services and Procurement Canada, |eauthor, |eissuing body.
222 0|aDepartmental results report |b(Canada. Public Services and Procurement Canada)
24510|aDepartmental results report / |cPublic Services and Procurement Canada.
264 1|aGatineau, Quebec, Canada : |bPublic Services and Procurement Canada = Services publics et approvisionnement Canada, |c[2017]-
310 |aAnnual
336 |atext|btxt|2rdacontent
337 |acomputer|bc|2rdamedia
338 |aonline resource|bcr|2rdacarrier
3621 |aBegan with: 2016/2017.
500 |aIssued also in French under title: Rapport sur les résultats ministériels.
588 |aDescription based on: 2016/2017.
588 |aLatest issue consulted: 2024 to 2025.
61010|aCanada. |bPublic Services and Procurement Canada|xAppropriations and expenditures|vPeriodicals.
650 0|aExpenditures, Public|vPeriodicals.
655 7|aPeriodicals|2lcgft
77508|tRapport sur les résultats ministériels |w(CaOODSP)9.843084
78000|tDepartmental performance report |w(CaOODSP)9.825284